| 000 | 00816nam a2200265 a 4500 | ||
|---|---|---|---|
| 008 | |||
| 020 | _a0470208368 (cased) | ||
| 020 | _a0853129312 | ||
| 049 | _aMAIN | ||
| 090 |
_aQA401 _bMAT |
||
| 245 | 0 | 0 |
_aMathematical modelling courses / _ceditors, J.S. Berry... [et al.]. |
| 260 |
_aChichester : _bEllis Horwood, _c1987. |
||
| 300 |
_a281 p. : _bill. ; _c25 cm. |
||
| 440 | 0 | _aEllis Horwood series in mathematics and its applications. | |
| 504 | _aIncludes bibliographical references. | ||
| 500 | _aIncludes index. | ||
| 650 | 0 | _aMathematical models. | |
| 650 | 0 |
_aMathematics _xStudy and teaching. |
|
| 700 | 1 | _aBerry, J.S. | |
| 907 |
_a.b10047736 _b17-09-12 _c17-04-03 |
||
| 003 | |||
| 005 | 20230123133623.0 | ||
| 040 | _cNUST | ||
| 942 |
_cBOOKS _kQA401 _mMAT |
||
| 999 |
_c151741 _d151741 |
||